[Event "Torneo de Benidorm sub 2300 2019"]
[Site "Benidorm ESP"]
[Date "2019.12.02"]
[Round "4.20"]
[White "Hristodorescu, Daniel"]
[Black "Perez Aleman, Pedro Tomas"]
[Result "1/2-1/2"]
[WhiteElo "2131"]
[BlackElo "1998"]
[PlyCount "132"]
[EventDate "2019.11.29"]
[EventType "swiss"]
[EventRounds "10"]
[EventCountry "ESP"]
[SourceTitle "Ajedrez en Madrid"]
[Source "lmi"]
[SourceDate "2019.11.30"]
[SourceVersion "1"]
[SourceVersionDate "2019.12.08"]
[SourceQuality "1"]

1. e4 c5 2. Nf3 e6 3. d4 cxd4 4. Nxd4 Nc6 5. Nc3 Qc7 6. g3 a6 7. Bg2 Nf6 8. O-O
Be7 9. h3 O-O 10. Kh2 d6 11. f4 Rd8 12. g4 e5 13. Nde2 exf4 14. Bxf4 Be6 15.
Nd5 Bxd5 16. exd5 Ne5 17. Ng3 Rac8 18. Nf5 Bf8 19. c3 Qb6 20. Rb1 Rc4 21. Be3
Qa5 22. Bd4 Nxd5 23. b4 Qxa2 24. Ra1 Qb2 25. Kh1 Nxc3 26. Bxe5 Nxd1 27. Bxb2
Nxb2 28. Bxb7 Rxb4 29. Bd5 Ra4 30. Rae1 Nd3 31. Bxf7+ Kh8 32. Rb1 Rb4 33. Ra1
Nc5 34. Ne3 g6 35. Nd5 Rb7 36. Rae1 Kg7 37. Be8 Nd3 38. Re6 Ne5 39. g5 Rbb8 40.
Ba4 Rb2 41. Be8 Rc8 42. Rxe5 Rcc2 43. Rf7+ Kh8 44. Rxf8+ Kg7 45. Rf7+ Kh8 46.
Re1 Rh2+ 47. Kg1 Rbg2+ 48. Kf1 Rd2 49. Rf8+ Kg7 50. Rg8+ Kxg8 51. Nf6+ Kh8 52.
Bc6 Rhf2+ 53. Kg1 Rfe2 54. Rf1 d5 55. Bxd5 Re5 56. Bf3 Rxg5+ 57. Kh1 Rg3 58.
Bg4 Rgg2 59. Re1 Rh2+ 60. Kg1 Rhg2+ 61. Kh1 Rh2+ 62. Kg1 Rhg2+ 63. Kh1 Rh2+ 64.
Kg1 Rdg2+ 65. Kf1 Rh1+ 66. Kxg2 Rxe1 1/2-1/2

[Event "Torneo de Benidorm sub 2300 2019"]
[Site "Benidorm ESP"]
[Date "2019.12.02"]
[Round "4.21"]
[White "Saber, Yasser"]
[Black "Silva, Jorge"]
[Result "1-0"]
[WhiteElo "2118"]
[BlackElo "1963"]
[PlyCount "53"]
[EventDate "2019.11.29"]
[EventType "swiss"]
[EventRounds "10"]
[EventCountry "ESP"]
[SourceTitle "Ajedrez en Madrid"]
[Source "lmi"]
[SourceDate "2019.11.30"]
[SourceVersion "1"]
[SourceVersionDate "2019.12.08"]
[SourceQuality "1"]

1. d4 Nf6 2. c4 e6 3. Nc3 d5 4. Bg5 Be7 5. e3 h6 6. Bh4 O-O 7. Qc2 b6 8. cxd5
exd5 9. Nf3 Bb7 10. Be2 Nbd7 11. O-O c5 12. Rfd1 Rc8 13. Ne5 cxd4 14. exd4 Nxe5
15. dxe5 Ne4 16. Bg3 Bc5 17. Bg4 Rc7 18. Nxe4 Be7 19. Qe2 Rc4 20. Qxc4 dxc4 21.
Rxd8 Rxd8 22. Nd6 Bd5 23. Rd1 Be6 24. Bxe6 fxe6 25. Rc1 Bxd6 26. exd6 b5 27. b3
1-0

[Event "Torneo de Benidorm sub 2300 2019"]
[Site "Benidorm ESP"]
[Date "2019.12.02"]
[Round "4.22"]
[White "Martin Martin, Luis Vicente"]
[Black "Sabater Sanchez, Asensio"]
[Result "0-1"]
[WhiteElo "1946"]
[BlackElo "2115"]
[PlyCount "64"]
[EventDate "2019.11.29"]
[EventType "swiss"]
[EventRounds "10"]
[EventCountry "ESP"]
[SourceTitle "Ajedrez en Madrid"]
[Source "lmi"]
[SourceDate "2019.11.30"]
[SourceVersion "1"]
[SourceVersionDate "2019.12.08"]
[SourceQuality "1"]

1. d4 g6 2. Nf3 Bg7 3. Bf4 d6 4. e3 Nd7 5. Bc4 Ngf6 6. Bxf7+ Kxf7 7. Ng5+ Kg8
8. Ne6 Qe8 9. Nxc7 Qd8 10. Nxa8 Nf8 11. Qd3 Be6 12. Nc3 Qxa8 13. d5 Bf7 14. e4
h6 15. f3 g5 16. Be3 N6d7 17. Bd4 Ne5 18. Qd1 Nfd7 19. Ne2 Kh7 20. h4 gxh4 21.
f4 Ng6 22. Bxg7 Kxg7 23. Qd4+ Kh7 24. O-O-O Nf6 25. g3 Nh5 26. Rdf1 Nxg3 27.
Nxg3 hxg3 28. Rxh6+ Kxh6 29. Rh1+ Nh4 30. Rxh4+ Bh5 31. e5 Rg8 32. f5 Rg5 0-1

[Event "Torneo de Benidorm sub 2300 2019"]
[Site "Benidorm ESP"]
[Date "2019.12.03"]
[Round "5.1"]
[White "Zohaib Hassan, Mohamed"]
[Black "Pascoal, Eduardo A"]
[Result "1-0"]
[WhiteElo "2282"]
[BlackElo "2143"]
[PlyCount "107"]
[EventDate "2019.11.29"]
[EventType "swiss"]
[EventRounds "10"]
[EventCountry "ESP"]
[SourceTitle "Ajedrez en Madrid"]
[Source "lmi"]
[SourceDate "2019.11.30"]
[SourceVersion "1"]
[SourceVersionDate "2019.12.08"]
[SourceQuality "1"]

1. d4 Nf6 2. c4 e6 3. Nc3 d5 4. cxd5 exd5 5. Bg5 Nbd7 6. e3 Be7 7. Bd3 c6 8.
Qc2 Nf8 9. Nge2 Ne6 10. Bh4 g6 11. O-O Ng7 12. f3 O-O 13. Rad1 Re8 14. e4 Be6
15. Na4 Nd7 16. Bxe7 Qxe7 17. Rfe1 Qf6 18. e5 Qh4 19. f4 Nf5 20. Qd2 Kh8 21.
Bxf5 gxf5 22. Rf1 Rg8 23. Qe3 Rg6 24. Rf3 Rag8 25. Rg3 Rxg3 26. hxg3 Qd8 27.
Qc3 a5 28. Kf2 Qc7 29. Rc1 Qd8 30. a3 Qa8 31. Nc5 Qa7 32. Nxd7 Bxd7 33. Rh1 b6
34. Qf3 Rg4 35. Qc3 Qa6 36. b3 a4 37. bxa4 Qxa4 38. Rb1 b5 39. Qc5 Qa8 40. Qd6
Qe8 41. a4 Rg6 42. Qc7 Bc8 43. a5 Qd7 44. Qb6 Qb7 45. Qc5 Kg7 46. Ra1 Qa6 47.
Nc1 Re6 48. Nd3 Qa8 49. a6 h5 50. a7 Bb7 51. Qb6 Re8 52. Nc5 Bc8 53. Qb8 Bb7
54. Nb3 1-0

[Event "Torneo de Benidorm sub 2300 2019"]
[Site "Benidorm ESP"]
[Date "2019.12.03"]
[Round "5.2"]
[White "Levay, Sorin"]
[Black "Scherer, Helmut"]
[Result "1-0"]
[WhiteElo "2170"]
[BlackElo "2278"]
[PlyCount "49"]
[EventDate "2019.11.29"]
[EventType "swiss"]
[EventRounds "10"]
[EventCountry "ESP"]
[SourceTitle "Ajedrez en Madrid"]
[Source "lmi"]
[SourceDate "2019.11.30"]
[SourceVersion "1"]
[SourceVersionDate "2019.12.08"]
[SourceQuality "1"]

1. e4 e5 2. Nf3 Nc6 3. Nc3 Nf6 4. a3 d5 5. Bb5 Nxe4 6. Qe2 Qd6 7. Nxd5 Qxd5 8.
c4 Qd6 9. Qxe4 Bd7 10. d4 f5 11. Qe2 e4 12. d5 Be7 13. dxc6 bxc6 14. Ba4 exf3
15. Qxf3 Qe5+ 16. Kf1 O-O 17. Bd2 Qxb2 18. Bc3 Qb6 19. h4 Bf6 20. Kg1 Qa6 21.
Bb3 Be6 22. h5 h6 23. Re1 Bxc4 24. Bxf6 Rxf6 25. Qd3 1-0

[Event "Torneo de Benidorm sub 2300 2019"]
[Site "Benidorm ESP"]
[Date "2019.12.03"]
[Round "5.3"]
[White "Garcia Trobat, Francisco"]
[Black "Gomez Sanjuan, Hector Fernando"]
[Result "1/2-1/2"]
[WhiteElo "2244"]
[BlackElo "2145"]
[PlyCount "43"]
[EventDate "2019.11.29"]
[EventType "swiss"]
[EventRounds "10"]
[EventCountry "ESP"]
[SourceTitle "Ajedrez en Madrid"]
[Source "lmi"]
[SourceDate "2019.11.30"]
[SourceVersion "1"]
[SourceVersionDate "2019.12.08"]
[SourceQuality "1"]

1. Nf3 d5 2. d4 Nf6 3. Bf4 c5 4. e3 Nc6 5. Nc3 Bg4 6. Be2 e6 7. O-O Bd6 8. Bxd6
Qxd6 9. Nb5 Qe7 10. dxc5 O-O 11. c4 Qxc5 12. cxd5 Nxd5 13. Rc1 Qb4 14. Nfd4
Nxd4 15. Nxd4 Bxe2 16. Qxe2 Rac8 17. a3 Qb6 18. g3 h6 19. Qb5 a6 20. Qe2 Rfd8
21. Rfd1 Nf6 22. h4 1/2-1/2

[Event "Torneo de Benidorm sub 2300 2019"]
[Site "Benidorm ESP"]
[Date "2019.12.03"]
[Round "5.4"]
[White "Garcia Molina, Francisco Miguel"]
[Black "Galiana Fernandez, Adrian"]
[Result "0-1"]
[WhiteElo "2219"]
[BlackElo "2259"]
[PlyCount "66"]
[EventDate "2019.11.29"]
[EventType "swiss"]
[EventRounds "10"]
[EventCountry "ESP"]
[SourceTitle "Ajedrez en Madrid"]
[Source "lmi"]
[SourceDate "2019.11.30"]
[SourceVersion "1"]
[SourceVersionDate "2019.12.08"]
[SourceQuality "1"]

1. e4 c5 2. Nf3 Nc6 3. Bb5 g6 4. O-O Bg7 5. c3 e5 6. a4 Nge7 7. Na3 O-O 8. Re1
d6 9. Nc2 h6 10. h3 f5 11. d3 Kh7 12. Bc4 d5 13. exd5 Nxd5 14. Bb5 Nde7 15. Bc4
b6 16. Qe2 Bb7 17. Rb1 Nd5 18. Bd2 Qd7 19. b4 cxb4 20. Nxb4 Ndxb4 21. cxb4 e4
22. dxe4 fxe4 23. Nh2 Nd4 24. Qd1 Rac8 25. Be2 Nxe2+ 26. Rxe2 Rfd8 27. Qb3 Bd5
28. Qe3 Bc4 29. Rbe1 Bxe2 30. Rxe2 Rc2 31. Nf1 Qd3 32. Re1 Rxd2 33. Nxd2 Qxe3
0-1

[Event "Torneo de Benidorm sub 2300 2019"]
[Site "Benidorm ESP"]
[Date "2019.12.03"]
[Round "5.5"]
[White "Gavarrete, Nahun"]
[Black "Jackson, Oliver A"]
[Result "1/2-1/2"]
[WhiteElo "2300"]
[BlackElo "2150"]
[PlyCount "39"]
[EventDate "2019.11.29"]
[EventType "swiss"]
[EventRounds "10"]
[EventCountry "ESP"]
[SourceTitle "Ajedrez en Madrid"]
[Source "lmi"]
[SourceDate "2019.11.30"]
[SourceVersion "1"]
[SourceVersionDate "2019.12.08"]
[SourceQuality "1"]

1. e4 c5 2. Nf3 e6 3. d4 cxd4 4. Nxd4 a6 5. Bd3 Nf6 6. Nc3 Qc7 7. O-O b5 8. Re1
Nc6 9. Nxc6 Qxc6 10. Qf3 Bb7 11. Nd5 Nxd5 12. exd5 Qxd5 13. Be4 Qe5 14. Bf4
Bxe4 15. Rxe4 Qd5 16. Rd1 Qc6 17. a4 Be7 18. Be5 f6 19. Bd6 Rc8 20. Bxe7
1/2-1/2

[Event "Torneo de Benidorm sub 2300 2019"]
[Site "Benidorm ESP"]
[Date "2019.12.03"]
[Round "5.6"]
[White "Amdouni, Zoubaier"]
[Black "Gonzalez Guedes, Iyan"]
[Result "0-1"]
[WhiteElo "2289"]
[BlackElo "2146"]
[PlyCount "66"]
[EventDate "2019.11.29"]
[EventType "swiss"]
[EventRounds "10"]
[EventCountry "ESP"]
[SourceTitle "Ajedrez en Madrid"]
[Source "lmi"]
[SourceDate "2019.11.30"]
[SourceVersion "1"]
[SourceVersionDate "2019.12.08"]
[SourceQuality "1"]

1. e4 c5 2. Nf3 g6 3. d4 cxd4 4. Nxd4 Bg7 5. Nc3 Nc6 6. Be3 Nf6 7. Bc4 O-O 8.
Bb3 a6 9. O-O Qc7 10. f4 d6 11. Kh1 Na5 12. Qe2 b5 13. f5 Bb7 14. Bg5 b4 15.
Bxf6 Bxf6 16. Nd5 Bxd5 17. Bxd5 Bxd4 18. fxg6 hxg6 19. e5 Bxe5 20. Bxa8 Rxa8
21. Rxf7 Kxf7 22. Qf3+ Kg7 23. Qxa8 Qxc2 24. Rf1 Bf6 25. Qxa6 Qc4 26. Qxc4 Nxc4
27. Rf4 d5 28. b3 e5 29. Rg4 d4 30. Kg1 Ne3 31. Re4 Nd5 32. Kf2 Nc3 33. Re1 e4
0-1

[Event "Torneo de Benidorm sub 2300 2019"]
[Site "Benidorm ESP"]
[Date "2019.12.03"]
[Round "5.7"]
[White "Chernikov, Vladimir"]
[Black "Kandic, Milan"]
[Result "1-0"]
[WhiteElo "2272"]
[BlackElo "2142"]
[PlyCount "89"]
[EventDate "2019.11.29"]
[EventType "swiss"]
[EventRounds "10"]
[EventCountry "ESP"]
[SourceTitle "Ajedrez en Madrid"]
[Source "lmi"]
[SourceDate "2019.11.30"]
[SourceVersion "1"]
[SourceVersionDate "2019.12.08"]
[SourceQuality "1"]

1. c4 e5 2. Nc3 Nc6 3. Nf3 d6 4. g3 g6 5. Bg2 Bg7 6. Rb1 Be6 7. Qa4 h6 8. b4
Qd7 9. b5 Nd8 10. d3 Ne7 11. Nd2 O-O 12. Nb3 Bh3 13. Bf3 f5 14. Nd5 Nxd5 15.
Bxd5+ Kh7 16. Na5 e4 17. Nxb7 exd3 18. e3 f4 19. gxf4 Ne6 20. Qb3 Nxf4 21. exf4
Rae8+ 22. Be3 Rxf4 23. Bc6 Qg4 24. Qxd3 Rxc4 25. Rb3 Rc1+ 26. Kd2 Rxh1 27. Bxh1
Qa4 28. Bc6 Rf8 29. a3 Bf5 30. Rb4 Qxb4+ 31. axb4 Bxd3 32. Kxd3 Be5 33. h3 Bh2
34. Na5 Bg1 35. Ke2 Bh2 36. Bxa7 Be5 37. Kd3 h5 38. Nc4 Bf4 39. Ne3 Bxe3 40.
Bxe3 Kg7 41. b6 cxb6 42. Bxb6 Kf6 43. b5 Ke6 44. Ba7 d5 45. b6 1-0

[Event "Torneo de Benidorm sub 2300 2019"]
[Site "Benidorm ESP"]
[Date "2019.12.03"]
[Round "5.8"]
[White "Cano Gimenez, Vicente"]
[Black "Saber, Yasser"]
[Result "1-0"]
[WhiteElo "2256"]
[BlackElo "2118"]
[PlyCount "103"]
[EventDate "2019.11.29"]
[EventType "swiss"]
[EventRounds "10"]
[EventCountry "ESP"]
[SourceTitle "Ajedrez en Madrid"]
[Source "lmi"]
[SourceDate "2019.11.30"]
[SourceVersion "1"]
[SourceVersionDate "2019.12.08"]
[SourceQuality "1"]

1. c4 d6 2. g3 g6 3. Bg2 Bg7 4. Nc3 f5 5. d3 Nf6 6. e4 Nc6 7. Nge2 e5 8. O-O
O-O 9. Nd5 Be6 10. Bg5 Qd7 11. Qd2 Nh5 12. exf5 Bxf5 13. Rad1 Rf7 14. b4 Bh3
15. b5 Bxg2 16. Kxg2 Nd8 17. f3 Ne6 18. Be3 c6 19. bxc6 bxc6 20. Ndc3 Nd4 21.
Ng1 d5 22. cxd5 cxd5 23. Nce2 Nf5 24. d4 e4 25. fxe4 dxe4 26. d5 Qxd5 27. Qxd5
Nxe3+ 28. Kh1 Nxd5 29. Rxf7 Kxf7 30. Rxd5 Re8 31. Nh3 h6 32. Ra5 Re7 33. g4 Nf6
34. g5 Ng4 35. Kg2 Be5 36. gxh6 Nxh6 37. Ng5+ Kf8 38. Nxe4 Bxh2 39. Kxh2 Rxe4
40. Nc3 Rc4 41. Nb5 Rc5 42. a4 g5 43. Rxa7 g4 44. Nd4 Rc4 45. Ne6+ Ke8 46. a5
Nf5 47. a6 Rc2+ 48. Kg1 g3 49. Ng7+ Nxg7 50. Rxg7 Rc8 51. a7 Kf8 52. Rb7 1-0

[Event "Torneo de Benidorm sub 2300 2019"]
[Site "Benidorm ESP"]
[Date "2019.12.03"]
[Round "5.9"]
[White "Sabater Sanchez, Asensio"]
[Black "Torres Sanchez, Jose"]
[Result "0-1"]
[WhiteElo "2115"]
[BlackElo "2238"]
[PlyCount "170"]
[EventDate "2019.11.29"]
[EventType "swiss"]
[EventRounds "10"]
[EventCountry "ESP"]
[SourceTitle "Ajedrez en Madrid"]
[Source "lmi"]
[SourceDate "2019.11.30"]
[SourceVersion "1"]
[SourceVersionDate "2019.12.08"]
[SourceQuality "1"]

1. d4 g6 2. Nf3 Bg7 3. c4 d6 4. Nc3 Nf6 5. e4 O-O 6. Be2 c6 7. O-O a6 8. a4 a5
9. Ne1 e5 10. dxe5 dxe5 11. Qxd8 Rxd8 12. Be3 Nfd7 13. Rd1 Re8 14. b3 Na6 15.
Nd3 Bf8 16. Rd2 Ndc5 17. Nxc5 Bxc5 18. Bxc5 Nxc5 19. Bd1 Be6 20. Bc2 Red8 21.
Rfd1 Rxd2 22. Rxd2 Kf8 23. Kf1 Ke7 24. Ke2 f5 25. f3 f4 26. Rd1 Rd8 27. Rxd8
Kxd8 28. Kd2 Kc7 29. Nd1 Kd6 30. Nf2 Na6 31. Nd3 Nc5 32. Nxc5 Kxc5 33. Kc3 g5
34. Bd3 h5 35. Be2 g4 36. Bf1 h4 37. fxg4 Bxg4 38. Bd3 Bd1 39. Bf1 Bg4 40. Bd3
h3 41. Bf1 hxg2 42. Bxg2 f3 43. Bf1 f2 44. h4 Kd6 45. Kd2 Ke7 46. c5 Kf6 47.
Ke3 Bd1 48. Kxf2 Bxb3 49. Bh3 Bxa4 50. Bc8 Bb5 51. Ke3 Kg6 52. Bg4 Bf1 53. Bf3
Bc4 54. Kd2 a4 55. Bg4 Kh6 56. Kc3 a3 57. Bf3 Bf7 58. Kc2 Bh5 59. Bg2 Bd1+ 60.
Kc3 Kh5 61. Bh3 Kxh4 62. Bc8 Kg3 63. Bxb7 Ba4 64. Bc8 Kf4 65. Bf5 Ke3 66. Bg6
a2 67. Kb2 Bb3 68. Be8 Kd4 69. Bxc6 Kxc5 70. Ba8 Kd4 71. Bc6 Bc4 72. Bb7 Be6
73. Bc6 Bc4 74. Bb7 Bd3 75. Kxa2 Bxe4 76. Ba6 Kc3 77. Bc8 Bd5+ 78. Kb1 Kd2 79.
Bf5 Bc4 80. Kb2 Bd3 81. Bg4 e4 82. Bd7 e3 83. Bg4 Be2 84. Bd7 Bf3 85. Bb5 Be4
0-1

[Event "Torneo de Benidorm sub 2300 2019"]
[Site "Benidorm ESP"]
[Date "2019.12.03"]
[Round "5.10"]
[White "Peña Duarte, Fabian Dario"]
[Black "Moreno Torralba, David"]
[Result "1/2-1/2"]
[WhiteElo "2237"]
[BlackElo "2100"]
[PlyCount "115"]
[EventDate "2019.11.29"]
[EventType "swiss"]
[EventRounds "10"]
[EventCountry "ESP"]
[SourceTitle "Ajedrez en Madrid"]
[Source "lmi"]
[SourceDate "2019.11.30"]
[SourceVersion "1"]
[SourceVersionDate "2019.12.08"]
[SourceQuality "1"]

1. d4 Nf6 2. Nf3 e6 3. g3 d5 4. Bg2 Be7 5. O-O O-O 6. c4 dxc4 7. Qc2 Bd7 8. a4
Bc6 9. Rd1 Na6 10. Nc3 Nb4 11. Qb1 Qe8 12. Bd2 Nbd5 13. Ne5 Nxc3 14. bxc3 Bxg2
15. Kxg2 Qc8 16. Qb5 Rd8 17. Rdb1 Rb8 18. Qxc4 Bd6 19. Bg5 c5 20. Rb5 cxd4 21.
Qxc8 Rbxc8 22. cxd4 h6 23. Rxb7 hxg5 24. Nxf7 a5 25. Nxg5 Bb4 26. Nxe6 Re8 27.
Nf4 Bc3 28. Rd1 g5 29. Nh3 Rxe2 30. Nxg5 Rd8 31. Kf1 Ree8 32. Rb6 Rxd4 33. Rc1
Nd5 34. Rg6+ Kh8 35. Rd6 Bb4 36. Rh6+ Kg7 37. Rcc6 Rd1+ 38. Kg2 Ne7 39. Rce6
Re1 40. Rh7+ Kg8 41. Reh6 Bc3 42. h4 Rb8 43. f4 Re3 44. Kh3 Rb3 45. Ra6 Rb8 46.
Kg4 Be1 47. Kh5 Bc3 48. g4 Bg7 49. Ra7 Bf6 50. Rh6 Nd5 51. Kg6 Nxf4+ 52. Kf5
Bxg5 53. Kxg5 Nh3+ 54. Kh5 Nf4+ 55. Kg5 Nh3+ 56. Kh5 Nf4+ 57. Kg5 Nh3+ 58. Kh5
1/2-1/2

[Event "Torneo de Benidorm sub 2300 2019"]
[Site "Benidorm ESP"]
[Date "2019.12.03"]
[Round "5.11"]
[White "Cardenas Serrano, Sergio"]
[Black "Ayza Leon, David"]
[Result "1/2-1/2"]
[WhiteElo "2095"]
[BlackElo "2231"]
[PlyCount "36"]
[EventDate "2019.11.29"]
[EventType "swiss"]
[EventRounds "10"]
[EventCountry "ESP"]
[SourceTitle "Ajedrez en Madrid"]
[Source "lmi"]
[SourceDate "2019.11.30"]
[SourceVersion "1"]
[SourceVersionDate "2019.12.08"]
[SourceQuality "1"]

1. c4 Nf6 2. Nc3 g6 3. Nf3 Bg7 4. d4 d6 5. Bf4 O-O 6. e3 Nbd7 7. Be2 c6 8. O-O
Re8 9. h3 b6 10. b4 Bb7 11. Qb3 e5 12. Bh2 Qe7 13. c5 dxc5 14. bxc5 Nd5 15.
Nxd5 cxd5 16. Bb5 bxc5 17. Bxd7 Qxd7 18. Nxe5 Bxe5 1/2-1/2

[Event "Torneo de Benidorm sub 2300 2019"]
[Site "Benidorm ESP"]
[Date "2019.12.03"]
[Round "5.12"]
[White "Barbera Estelles, Rosendo"]
[Black "Gonzalez Martinez, Miguel Angel"]
[Result "1/2-1/2"]
[WhiteElo "2212"]
[BlackElo "2094"]
[PlyCount "46"]
[EventDate "2019.11.29"]
[EventType "swiss"]
[EventRounds "10"]
[EventCountry "ESP"]
[SourceTitle "Ajedrez en Madrid"]
[Source "lmi"]
[SourceDate "2019.11.30"]
[SourceVersion "1"]
[SourceVersionDate "2019.12.08"]
[SourceQuality "1"]

1. e4 e5 2. Nf3 Nf6 3. Nc3 Nc6 4. Bb5 Nd4 5. Bc4 Bc5 6. d3 d6 7. h3 c6 8. Nxd4
Bxd4 9. O-O h6 10. Ne2 Bb6 11. Ng3 O-O 12. Qf3 Be6 13. Nf5 Bxf5 14. Qxf5 d5 15.
Bb3 a5 16. a4 Qd6 17. Re1 Rfe8 18. Be3 Bxe3 19. Rxe3 g6 20. Qf3 d4 21. Re2 Kg7
22. h4 Re7 23. g3 Qd8 1/2-1/2

[Event "Torneo de Benidorm sub 2300 2019"]
[Site "Benidorm ESP"]
[Date "2019.12.03"]
[Round "5.13"]
[White "Martin Barcelo, Carles"]
[Black "Ribera Veganzones, Josep Maria"]
[Result "1-0"]
[WhiteElo "2196"]
[BlackElo "2008"]
[PlyCount "41"]
[EventDate "2019.11.29"]
[EventType "swiss"]
[EventRounds "10"]
[EventCountry "ESP"]
[SourceTitle "Ajedrez en Madrid"]
[Source "lmi"]
[SourceDate "2019.11.30"]
[SourceVersion "1"]
[SourceVersionDate "2019.12.08"]
[SourceQuality "1"]

1. e4 c5 2. Nf3 Nc6 3. Bb5 g6 4. Bxc6 bxc6 5. O-O Bg7 6. Re1 Nh6 7. c3 O-O 8.
h3 Rb8 9. d4 cxd4 10. cxd4 f6 11. Nc3 d5 12. Qa4 dxe4 13. Nxe4 Qb6 14. Nc5 e5
15. Qc4+ Kh8 16. dxe5 fxe5 17. Nxe5 Be6 18. Nxg6+ hxg6 19. Rxe6 Bxb2 20. Rb1
Qd8 21. Bxb2+ 1-0

[Event "Torneo de Benidorm sub 2300 2019"]
[Site "Benidorm ESP"]
[Date "2019.12.03"]
[Round "5.14"]
[White "Argandoña Salinas, Gorka"]
[Black "Lacrosse, Marc"]
[Result "0-1"]
[WhiteElo "2070"]
[BlackElo "2162"]
[PlyCount "52"]
[EventDate "2019.11.29"]
[EventType "swiss"]
[EventRounds "10"]
[EventCountry "ESP"]
[SourceTitle "Ajedrez en Madrid"]
[Source "lmi"]
[SourceDate "2019.11.30"]
[SourceVersion "1"]
[SourceVersionDate "2019.12.08"]
[SourceQuality "1"]

1. d4 d5 2. Nf3 Nf6 3. e3 Bf5 4. Bd3 e6 5. O-O c6 6. b3 Nbd7 7. c4 a5 8. cxd5
Bxd3 9. Qxd3 exd5 10. Re1 Bd6 11. Nc3 O-O 12. Bd2 Re8 13. e4 dxe4 14. Nxe4 Rxe4
15. Rxe4 Nc5 16. dxc5 Bxh2+ 17. Kxh2 Qxd3 18. Re7 Re8 19. Rxe8+ Nxe8 20. Bxa5
f6 21. b4 g5 22. Re1 Kf7 23. Re3 Qd5 24. a4 g4 25. Ne1 Qd2 26. Kg1 g3 0-1

[Event "Torneo de Benidorm sub 2300 2019"]
[Site "Benidorm ESP"]
[Date "2019.12.03"]
[Round "5.15"]
[White "Doroshenko, Diana"]
[Black "Garraza Obaldia, Esteban"]
[Result "1-0"]
[WhiteElo "2159"]
[BlackElo "1812"]
[PlyCount "125"]
[EventDate "2019.11.29"]
[EventType "swiss"]
[EventRounds "10"]
[EventCountry "ESP"]
[SourceTitle "Ajedrez en Madrid"]
[Source "lmi"]
[SourceDate "2019.11.30"]
[SourceVersion "1"]
[SourceVersionDate "2019.12.08"]
[SourceQuality "1"]

1. e4 c5 2. Nf3 d6 3. Bb5+ Bd7 4. Bxd7+ Qxd7 5. O-O Nf6 6. Re1 Nc6 7. c3 e6 8.
d3 Be7 9. Nbd2 O-O 10. Nf1 b5 11. Ng3 a5 12. h3 Rfb8 13. Nh2 Ne8 14. f4 d5 15.
Qf3 Rd8 16. Ng4 d4 17. Rd1 dxc3 18. bxc3 b4 19. Bb2 a4 20. Rac1 bxc3 21. Bxc3
Nd4 22. Qf1 Nc7 23. Ne5 Qe8 24. Bxd4 Rxd4 25. Ne2 Rdd8 26. Nc4 Nb5 27. Rb1 Bf6
28. e5 Be7 29. Qf3 Rab8 30. Rbc1 Qd7 31. Qe3 Nd4 32. Ng3 Nb5 33. Ne4 Qd4 34.
Kf2 f6 35. Na5 Rdc8 36. Rc4 Qxe3+ 37. Kxe3 fxe5 38. fxe5 Bd8 39. Rxa4 Ra8 40.
Rb1 Nd4 41. Nd6 Bxa5 42. Nxc8 Bd2+ 43. Kxd2 Rxa4 44. Rb2 Kf7 45. Nd6+ Kg6 46.
Nc4 Nc6 47. Kc3 Ra8 48. a3 Nd4 49. Ra2 Ra4 50. Nb2 Ra7 51. a4 Kf5 52. Nc4 Kf4
53. a5 Nc6 54. Kb3 Nb4 55. Rf2+ Kg5 56. Rd2 Nc6 57. Ka4 Nd4 58. Rb2 Ra6 59. Rb6
Rxb6 60. axb6 Kf4 61. Na5 Ne2 62. b7 Nc3+ 63. Kb3 1-0

[Event "Torneo de Benidorm sub 2300 2019"]
[Site "Benidorm ESP"]
[Date "2019.12.03"]
[Round "5.17"]
[White "Picazo Lopez, Juan Antonio"]
[Black "Lezhepekova, Veronika"]
[Result "0-1"]
[WhiteElo "2201"]
[BlackElo "2001"]
[PlyCount "62"]
[EventDate "2019.11.29"]
[EventType "swiss"]
[EventRounds "10"]
[EventCountry "ESP"]
[SourceTitle "Ajedrez en Madrid"]
[Source "lmi"]
[SourceDate "2019.11.30"]
[SourceVersion "1"]
[SourceVersionDate "2019.12.08"]
[SourceQuality "1"]

1. d4 Nf6 2. c4 b6 3. Nc3 Bb7 4. f3 d5 5. cxd5 Nxd5 6. e4 Nxc3 7. bxc3 e6 8.
Bb5+ c6 9. Bd3 Be7 10. Ne2 O-O 11. O-O Ba6 12. Bxa6 Nxa6 13. Qa4 Qc8 14. f4 f5
15. e5 b5 16. Qb3 Nc7 17. c4 Qa6 18. cxb5 cxb5 19. g4 b4 20. Ng3 g6 21. Bd2 Nd5
22. Rf2 Rac8 23. gxf5 gxf5 24. Rg2 Kh8 25. Rc1 Qa3 26. Qxa3 bxa3 27. Ne2 Rxc1+
28. Nxc1 Rc8 29. Nb3 Rc2 30. Bc1 Rc4 31. Kf1 a5 0-1

[Event "Torneo de Benidorm sub 2300 2019"]
[Site "Benidorm ESP"]
[Date "2019.12.03"]
[Round "5.18"]
[White "Galvan, Jesus"]
[Black "Martinez Lopez, Jaume"]
[Result "1-0"]
[WhiteElo "2198"]
[BlackElo "1985"]
[PlyCount "113"]
[EventDate "2019.11.29"]
[EventType "swiss"]
[EventRounds "10"]
[EventCountry "ESP"]
[SourceTitle "Ajedrez en Madrid"]
[Source "lmi"]
[SourceDate "2019.11.30"]
[SourceVersion "1"]
[SourceVersionDate "2019.12.08"]
[SourceQuality "1"]

1. d4 d6 2. c4 e5 3. Nf3 e4 4. Ng5 f5 5. g3 Be7 6. Nh3 Nf6 7. Nc3 O-O 8. Bg2 c6
9. d5 a5 10. O-O Na6 11. f3 exf3 12. exf3 Nd7 13. Be3 Ndc5 14. Qd2 Bd7 15. Rfe1
Nb4 16. Nf2 Be8 17. Rad1 Bf7 18. a3 Nba6 19. f4 Rc8 20. Rb1 a4 21. Qd1 Bf6 22.
Nxa4 Nxa4 23. Qxa4 cxd5 24. cxd5 Nc5 25. Qb4 Qd7 26. Bd4 Bd8 27. b3 Na6 28. Qd2
Qb5 29. Qb2 Bf6 30. Bxf6 gxf6 31. b4 Kg7 32. Rbc1 Nc7 33. Qb1 Nxd5 34. Qxf5 Nc3
35. Qxb5 Nxb5 36. Bxb7 Rxc1 37. Rxc1 Nxa3 38. Rc8 Bc4 39. Rxf8 Kxf8 40. Ng4 Ke7
41. Ne3 Kd7 42. f5 Kc7 43. Bd5 Bd3 44. Kf2 Kb6 45. Ke1 Nc2+ 46. Nxc2 Bxc2 47.
g4 Kb5 48. Kd2 Ba4 49. Kc3 h6 50. h4 Bd1 51. g5 hxg5 52. hxg5 fxg5 53. f6 Bh5
54. f7 Bxf7 55. Bxf7 g4 56. Bd5 g3 57. Kb3 1-0